000 00873nam a22002777a 4500
001 BR0705292
003 BR-BrBNA
005 20230928102534.0
007 ta
008 230509b bl.||||| |||| 00| 0 por d
040 _aBR-BrBNA
_bpor
_cBiblioteca Nacional de Agricultura
041 _a(Por)
072 _aE70; E14
090 _ E70 BR0705292
110 1 _aEMBRAPA Instrumentação Agropecuária, São Carlos, SP (Brasil)
_93650
245 1 _aRdede Brasil de tecnologia; ação no agronegócio; protifólio dos projetos em execução 2004-2005
260 3 _aSão Carlos, SP (Brasil):
_c2005.
300 _a31 p.
650 _aAGRONEGÓCIO
650 _aPROJETO DE DESENVOLVIMENTO
650 _aTECNOLOGIA APROPRIADA
650 _aMERCADO INTERNACIONAL
650 _aDESENVOLVIMENTO SÓCIO-ECONÔMICO
909 _a202309
_bLucia
_c55
_dLucia Elande
942 _cBK
999 _c71281
_d71281